Normal view
MARC view
- تربية وتعليم-المربين-أوضاع إقتصادية-رواتب
Entry Topical Term
001 - CONTROL NUMBER
- control field: 35149
003 - CONTROL NUMBER IDENTIFIER
- control field: JO-AjAnu
005 - DATE AND TIME OF LATEST TRANSACTION
- control field: 20230606075900.0
008 - FIXED-LENGTH DATA ELEMENTS
- fixed length control field: 230606|| aca||aabn | a|a d
040 ## - CATALOGING SOURCE
- Original cataloging agency: JO-AjAnu
- Transcribing agency: JO-AjAnu
150 ## - HEADING--TOPICAL TERM
- Topical term or geographic name entry element: تربية وتعليم-المربين-أوضاع إقتصادية-رواتب
670 ## - SOURCE DATA FOUND
- Source citation: Work cat.: (JO-AjAnu)18049: علي، سعيد إسماعيل, author 35148, أوضاع المربين العرب